Service Management And Operations (Record no. 115818)

MARC details
000 -LEADER
fixed length control field 00337pam a2200133 a 4500
020 ## - INTERNATIONAL STANDARD BOOK NUMBER
Terms of availability
041 ## - LANGUAGE CODE
Language code of original
082 ## - DEWEY DECIMAL CLASSIFICATION NUMBER
Classification number 658.79999999999995
Item number HAK
100 ## - MAIN ENTRY--PERSONAL NAME
Personal name Haksever, C.
245 ## - TITLE STATEMENT
Title Service Management And Operations
Medium Textual Documents
260 ## - PUBLICATION, DISTRIBUTION, ETC.
Place of publication, distribution, etc. New Delhi
Name of publisher, distributor, etc. Pearson Education [Addison Wesley]
300 ## - PHYSICAL DESCRIPTION
Extent XX / 584
930 ## - EQUIVALENCE OR CROSS-REFERENCE-UNIFORM TITLE HEADING [LOCAL, CANADA]
Uniform title 8992
Holdings
Withdrawn status Lost status Damaged status Not for loan Collection Home library Current library Shelving location Date acquired Source of acquisition Cost, normal purchase price Total Checkouts Full call number Barcode Date last seen Copy number Price effective from Koha item type
          Abhijit Kadam Institute of Management & Social Science, Solapur Abhijit Kadam Institute of Management & Social Science, Solapur   19/03/2005 Mahaveer General Store 325.00   658.79999999999995 HAK AKS-M-05834 01/03/2023 1 01/03/2023 Book